000 00692nam a22002297a 4500
003 OSt
005 20220107122732.0
008 140403b xxu||||| |||| 00| 0 eng d
020 _a9788184042214
040 _cIIITM-K
082 _a005.12 McL/H
100 _aMcLaughlin, Brett D
_93359
245 _aHead first object oriented analysis and design
_cby Brett D McLaughlin; Gary Pollice and David West
260 _aMumbai,
_bO'Reilly,
_c2007.
300 _axxxiv, 600p.
650 _aCOMPUTER SCIENCE
_93360
650 _aOBJECT ORIENTED ANALYSIS
_93361
650 _aOBJECT ORIENTED PROGRAMMING
_93362
700 _aPollice, Gary
_93364
700 _aWest, David
_93365
942 _2ddc
_cBK
999 _c3640
_d3640